000 00701 a2200253 4500
260 _aParis
630 _a58 - Botanique
037 _b3, Achat
650 _a5 - SCIENCES EXACTES ET NATURELLES
100 _aDeysson, Guy
260 _bSociété d'Edition d'Enseignement Supérieur
245 _aCours de botanique générale : tome II, Organisation et classification des plantes vasculaires : première partie, organisation générale
300 _a345 p
650 _aBiologie végétale
260 _c1967
300 _b24cm
100 _lFr
037 _aS 3290
037 _aS 3293
037 _aS 3289
440 _aCours de Botanique Générale
999 _c41687
_d41687